Top 10 Città più popolose Provincia di Brescia - Statistics

Statistiche generali
  • Questo quiz è stato fatto 130 volte
  • Il punteggio medio è 5 su 10
Statistiche sulle risposte
Popolazione (ab.) Città % Corretto
199 784 Brescia
98%
26 442 Montichiari
72%
18 391 Chiari
63%
29 242 Desenzano del Garda
59%
21 577 Lumezzane
56%
17 562 Rovato
55%
18 321 Ghedi
42%
16 403 Gussago
39%
20 367 Palazzolo sull'Oglio
33%
15 559 Lonato del Garda
27%
Nessun quiz corrispondente trovato
Distribuzione punteggi
Percentuale di utenti per punteggio
Percentile per numero di risposta
I tuoi punteggi nel tempo
Non hai fatto questo quiz